| 000 | 003600000a22001570004500 | ||
|---|---|---|---|
| 003 | MACL | ||
| 005 | 20151227162717.0 | ||
| 008 | 151227b xxu||||| |||| 00| 0 eng d | ||
| 040 |
_aMACL _cmacl |
||
| 041 | _aEnglish | ||
| 082 | _a100 | ||
| 245 | _aHand Bok Of Vedant Philosophy | ||
| 260 | _aKohlapur | ||
| 650 |
_aPhilosophy _923578 |
||
| 942 |
_cBK _k100/ _2ddc |
||
| 999 |
_c38238 _d38238 |
||